00331nam a2200133Ia 4500008004100000020002500041041000800066082001600074100001700090245001900107260003900126300001800165650001400183180314s9999 xx 000 0 und d a9780415608459 (pbk.) aeng a612.015 HAM aHames, B. D. 0aBiochemistry / aGarland Science,bNew York :c2011 avii, 473 p. : achemistry